|
|
|
|
| LEADER |
00000cam a2200000 a 4500 |
| 001 |
vtls011702016 |
| 003 |
SK-MaSNL |
| 005 |
20260301094201.0 |
| 008 |
200104s2017 xo a e n 000 0 slo |
| 015 |
|
|
|a SNBA2017/08
|
| 020 |
|
|
|a 9788089740147
|q (brož.)
|
| 035 |
|
|
|a urn:nbn:sk:snk-am00cxy2
|
| 035 |
|
|
|a urn:nbn:sk:snk-am3hey2
|
| 035 |
|
|
|a DF13853A-EAF7-427F-80AD-D804BE0D43F6
|
| 040 |
|
|
|a SNK
|b slo
|c SNK
|e AACR2
|
| 041 |
0 |
|
|a slo
|
| 044 |
|
|
|a xo
|c SK
|
| 072 |
|
7 |
|a 579
|x Mikrobiológia
|2 konspekt
|
| 072 |
|
7 |
|a 626/627
|x Vodné staviteľstvo. Vodné hospodárstvo
|2 konspekt
|
| 080 |
|
|
|a 579
|2 2011
|
| 080 |
|
|
|a 626/628
|2 2011
|
| 080 |
|
|
|a 37.091.33
|2 2011
|
| 080 |
|
|
|a (072)
|2 2011
|
| 080 |
|
|
|a 579.68
|2 2001
|
| 111 |
2 |
|
|a Mikrobiologický kurz
|d (2017 :
|c Bratislava, Slovensko)
|9 427588
|
| 245 |
1 |
0 |
|a Mikrobiologický kurz 2017
|b 22.06.2017
|c editor: Miloslava Prokšová
|
| 250 |
|
|
|a 1. vyd.
|
| 260 |
|
|
|a Bratislava
|b Výskumný ústav vodného hospodárstva
|c 2017
|
| 300 |
|
|
|a 44 s.
|b tab.
|c 30 cm
|
| 366 |
|
|
|e 100 výt.
|
| 500 |
|
|
|a Hrebeňová väzba
|
| 504 |
|
|
|a Bibliogr.: s. 37-38
|
| 650 |
0 |
7 |
|a mikrobiológia
|2 SNKPH
|9 3580
|
| 650 |
0 |
7 |
|a vodné hospodárstvo
|2 SNKPH
|9 759
|
| 650 |
0 |
7 |
|a kurzy
|2 SNKPH
|9 29103
|
| 650 |
0 |
7 |
|a Microbiology
|2 SNKPHeng
|9 270714
|
| 650 |
0 |
7 |
|a Water management
|2 SNKPHeng
|9 266146
|
| 650 |
0 |
7 |
|a Instruction methods
|2 SNKPHeng
|9 331091
|
| 650 |
0 |
7 |
|a mikrobiológia vody
|2 SNKPH
|9 69317
|
| 650 |
0 |
7 |
|a Water microbiology
|2 SNKPHeng
|9 314536
|
| 655 |
|
7 |
|a učebné pomôcky
|2 SNKPH
|9 70567
|
| 655 |
|
7 |
|a Teaching aids
|2 SNKPHeng
|9 315691
|
| 700 |
1 |
|
|a Prokšová, Miloslava
|4 edt
|9 258306
|
| 919 |
|
|
|a 978-80-89740-14-7
|
| 958 |
|
|
|a NB
|
| 999 |
|
|
|c 679521
|d 681451
|
| 952 |
|
|
|a SNK
|b SNK
|y PREZ
|7 0
|p 17A1269203
|o snkSB 91716
|i snk2017/16145
|8 0
|0 0
|1 0
|4 0
|d 2017-07-12
|f 1
|l 0
|r 2025-05-13 00:00:00
|w 2026-02-23
|
| 952 |
|
|
|a SNK
|b SNK
|y VYP
|7 0
|p 17A1269204
|o snkSB 91716 D1
|i snk2017/16146
|8 0
|0 0
|1 0
|4 0
|d 2017-07-12
|l 0
|r 2026-02-23 19:52:59
|w 2026-02-23
|